| 000 | 02542nam0a2200373 4500 | ||
|---|---|---|---|
| 001 | RU\NLR\BIBL_A\022097850 | ||
| 005 | 20260409075553.0 | ||
| 010 |
_a978-5-6049366-3-4 _9100 |
||
| 035 | _a(RuMoRGB)012336562 | ||
| 035 | _a(NLR Aleph) 022097850 | ||
| 090 |
_a12736752 _c12736752 |
||
| 100 | _a20231215d2023 |||y0rusy50 ca | ||
| 101 | 0 | _arus | |
| 102 | _aRU | ||
| 105 | _aa|||z|||100yy | ||
| 181 | 0 |
_ai3 _baxxe |
|
| 182 | 0 | _an | |
| 200 | 1 |
_aXII Сильвестровские педагогические чтения. Духовность и нравственность в образовательном пространстве: глобальные вызовы современности и духовный выбор человека _eматериалы Всероссийской научной конференции, 30 марта 2023 года _fОмГПУ, филиал (г. Тара) _gответственный редактор: О. Р. Каюмов, д.ф.-м.н., доцент |
|
| 203 |
_aТекст _bвизуальный _cнепосредственный |
||
| 210 |
_aОмск _cАмфора _aТара _c[б. и.] _d2023 |
||
| 215 |
_a185, [1] с. _cил., табл. _d21 |
||
| 320 | _aБиблиогр. в конце ст. | ||
| 532 | 1 | 0 | _aДвенадцатые Сильвестровские педагогические чтения. Духовность и нравственность в образовательном пространстве: глобальные вызовы современности и духовный выбор человека |
| 606 |
_aУчащиеся _xДуховно-нравственное воспитание _jСъезды, совещания и т.п _3RU\NLR\AUTH\661472162 _92479757 |
||
| 675 |
_a37.034(082) _v4 |
||
| 686 | 1 | _aЧ313.52я431 | |
| 702 | 1 |
_4340 _aКаюмов _bО. Р. _cд-р физ.-мат. наук, математика, экономика _gОлег Рашидович _9153389 _3RU\NLR\AUTH\770153427 |
|
| 711 | 1 | 2 |
_aСильвестровские педагогические чтения _d11 _eТара _f2022 _9873515 _3RU\NLR\AUTH\880601664 |
| 712 | 0 | 2 |
_4557 _aОмский государственный педагогический университет _bТарский филиал _3RU\NLR\AUTH\8810055371 _9611303 |
| 942 | _cBOOK | ||
| 980 | _aNB | ||